| 000 | 00623cam a22002411 4500 | ||
|---|---|---|---|
| 001 | sa 68006169 | ||
| 003 | DLC | ||
| 005 | 20260227112514.0 | ||
| 008 | 890420s1967 xx 000 0 hino | ||
| 010 | _asa 68006169 | ||
| 035 | _a(OCoLC)23547302 | ||
| 040 |
_aDLC _cMiU _dDLC |
||
| 042 | _apremarc | ||
| 043 | _aa-pk--- | ||
| 050 | 0 | 0 |
_aHD37.B4 _bB47 |
| 100 | 1 | _aBhattacharjee, Durgadas. | |
| 245 | 1 | 0 | _aKārabārera byabasthāpanā o paricālanā. |
| 260 | _c[1967] | ||
| 300 |
_a2, 11, 4, 568 p. _billus. _c22 cm. |
||
| 500 | _aRomanized. | ||
| 650 | 0 | _aManagement | |
| 650 | 0 |
_aIndustrial management _zPakistan. |
|
| 999 |
_c81140 _d81140 |
||